Stupendium Discography - Statistics

General Stats
  • This quiz has been taken 13 times
  • The average score is 25 of 84
Answer Stats
Hint Answer % Correct
2017 Find the Keys
82%
2019 Art of Darkness
64%
2023 Dead Ahead
64%
2018 Why Did I Say Okie Doki?
64%
2022 Ad Infinitum
55%
2019 The Fine Print
55%
2024 Adequate Wordsmith
45%
2019 A Matter of Factories
45%
2020 And So We Fall
45%
2021 The Data Stream
45%
2017 Way Deeper Down
45%
2018 A Matter of Facts
36%
2019 Another Horror Holiday
36%
2022 A Pizza the Action
36%
2017 Carol of the Tails
36%
2017 Cells no More
36%
2018 Chairman of the Board
36%
2022 Christmas in the Backrooms
36%
2021 Don't Let the Bellhops Bite
36%
2019 Impossible Geometry
36%
2021 Shine Through
36%
2018 The Aftermath
36%
2021 The Apex
36%
2023 The End of the Line
36%
2020 The Fright Before Christmas
36%
2018 The House Always Wins
36%
2020 The Most Fashionable Faction
36%
2024 The Production Line
36%
2020 These Hallowed Wings
36%
2022 The Toybox
36%
2021 Tune Into The Madness
36%
2021 Vending Machine of Love
36%
2021 And To All A Good Fright
27%
2018 A Very Scary Christmas
27%
2019 Back Together
27%
2022 Find the Keys (2022 Remaster)
27%
2021 Fragments
27%
2019 Little Rover
27%
2017 Milk Milk Lemonade
27%
2020 Minecraft vs Lego
27%
2023 Neath!
27%
2020 Nook, Line & Sinker
27%
2019 No Waves Like Home
27%
2022 Open the Sky
27%
2020 Rogue's Gallery
27%
2021 Room for Improvement
27%
2018 Shelter From the Storm
27%
2023 The Muppet Cypher
27%
2023 The Ribbon
27%
2019 The Second
27%
2018 Vault Number 76
27%
2021 We Told You So
27%
2022 What a Plunderful World
27%
2022 Wool Over Our Eyes
27%
2019 A Little Heart
18%
2023 A Little Theorizing
18%
2024 Amateur Wordsmith (2024 Remaster)
18%
2020 An Impostor Calls
18%
2022 Can't Teach This
18%
2018 Doctor! Doctor!
18%
2018 Fazbear Family
18%
2021 Fiend Like Me
18%
2018 Geek Cypher 2
18%
2018 It's a Joy
18%
2021 It's a Joy (2021 Remaster)
18%
2020 Lights on a Truck
18%
2020 Losing my Patients
18%
2022 No One's Home
18%
2020 Rest Employed
18%
2020 Rip and Tear (My Way to Your Heart)
18%
2020 Slide Into the Void
18%
2018 The Chairman Rolls Again
18%
2023 The House Always Wins (2023 Remaster)
18%
2021 The Second (2021 Remaster)
18%
2018 The West Was One
18%
2024 Vault Number 76 (2024 Remaster)
18%
2020 Wake Me Up Before You Goat-Goat
18%
2023 Way Deeper Down (2023 Remaster)
18%
2019 What a Fowl Day
18%
2019 A Purpose for New London
9%
2023 A Summery in Sumeru
9%
2020 Gotta Build a Zoo
9%
2018 Pictures of Spider-Man
9%
2022 Shelter From the Storm (2022 Remaster)
9%
No matching quizzes found
Score Distribution
Percent of People with Each Score
Percentile by Number Answered
Your Score History
You have not taken this quiz